<?xml version="1.0" encoding="UTF-8"?><?xml-stylesheet type="text/xsl" href="static/style.xsl"?><OAI-PMH xmlns="http://www.openarchives.org/OAI/2.0/" xmlns:xsi="http://www.w3.org/2001/XMLSchema-instance" xsi:schemaLocation="http://www.openarchives.org/OAI/2.0/ http://www.openarchives.org/OAI/2.0/OAI-PMH.xsd"><responseDate>2026-05-14T08:10:18Z</responseDate><request verb="GetRecord" identifier="oai:riubu.ubu.es:10259/7987" metadataPrefix="marc">https://riubu.ubu.es/oai/request</request><GetRecord><record><header><identifier>oai:riubu.ubu.es:10259/7987</identifier><datestamp>2023-11-23T12:23:38Z</datestamp><setSpec>com_10259_4846</setSpec><setSpec>com_10259_5086</setSpec><setSpec>com_10259_2604</setSpec><setSpec>col_10259_4847</setSpec></header><metadata><record xmlns="http://www.loc.gov/MARC21/slim" xmlns:doc="http://www.lyncode.com/xoai" xmlns:xsi="http://www.w3.org/2001/XMLSchema-instance" xmlns:dcterms="http://purl.org/dc/terms/" xsi:schemaLocation="http://www.loc.gov/MARC21/slim http://www.loc.gov/standards/marcxml/schema/MARC21slim.xsd">
<leader>00925njm 22002777a 4500</leader>
<datafield tag="042" ind1=" " ind2=" ">
<subfield code="a">dc</subfield>
</datafield>
<datafield tag="720" ind1=" " ind2=" ">
<subfield code="a">San Martín Zapatero, Jesús Alberto</subfield>
<subfield code="e">author</subfield>
</datafield>
<datafield tag="720" ind1=" " ind2=" ">
<subfield code="a">Ortega Sánchez, Delfín</subfield>
<subfield code="e">author</subfield>
</datafield>
<datafield tag="260" ind1=" " ind2=" ">
<subfield code="c">2020</subfield>
</datafield>
<datafield tag="520" ind1=" " ind2=" ">
<subfield code="a">Este trabajo presenta la evolución interdisciplinar del concepto de empatía y de sus contribuciones a la empatía histórica, con el objetivo de precisar el nuevo concepto de empatía prehistórica en el ámbito específico de la Didáctica de las Ciencias Sociales. Para ello, se revisan las aportaciones de la escuela anglosajona y, particularmente, las desarrolladas en España desde el inicio de las corrientes de renovación de la enseñanza de la Historia hasta nuestros días, momento en que la relevancia social y educativa de la Prehistoria hace pertinente profundizar en su singularidad conceptual. La empatía prehistórica se nutre de la riqueza epistemológica del concepto de empatía, pero también dirige su mirada, desde distintos espacios educativos, a la implementación de metodologías activas, que incluyen la arqueología experimental y las técnicas propias de la dramatización.</subfield>
</datafield>
<datafield tag="520" ind1=" " ind2=" ">
<subfield code="a">This study presents the interdisciplinary evolution of the concept of empathy and its contributions to historical empathy to specify the new concept of prehistoric empathy in the specific field of Social Sciences Teaching. To this end, the contributions of the Anglo-Saxon school are reviewed and, in particular, those developed in Spain since the beginning of the trends of renewal of History teaching to our days, when social and educational relevance of Prehistory makes relevant to delve into its conceptual singularity. Prehistoric empathy is nourished by the epistemological richness of the concept of empathy, but it also directs its gaze, from different educational spaces, to the implementation of active methodologies, which include experimental archeology and dramatization techniques.</subfield>
</datafield>
<datafield tag="024" ind2=" " ind1="8">
<subfield code="a">0214-4379</subfield>
</datafield>
<datafield tag="024" ind2=" " ind1="8">
<subfield code="a">http://hdl.handle.net/10259/7987</subfield>
</datafield>
<datafield tag="024" ind2=" " ind1="8">
<subfield code="a">10.7203/dces.38.15648</subfield>
</datafield>
<datafield tag="024" ind2=" " ind1="8">
<subfield code="a">2255-3835</subfield>
</datafield>
<datafield ind1=" " ind2=" " tag="653">
<subfield code="a">Empatía</subfield>
</datafield>
<datafield ind1=" " ind2=" " tag="653">
<subfield code="a">Empatía histórica</subfield>
</datafield>
<datafield ind1=" " ind2=" " tag="653">
<subfield code="a">Empatía prehistórica</subfield>
</datafield>
<datafield ind1=" " ind2=" " tag="653">
<subfield code="a">Enseñanza de las Ciencias Sociales</subfield>
</datafield>
<datafield ind1=" " ind2=" " tag="653">
<subfield code="a">Prehistoria</subfield>
</datafield>
<datafield ind1=" " ind2=" " tag="653">
<subfield code="a">Empathy</subfield>
</datafield>
<datafield ind1=" " ind2=" " tag="653">
<subfield code="a">Historical empathy</subfield>
</datafield>
<datafield ind1=" " ind2=" " tag="653">
<subfield code="a">Prehistoric empathy</subfield>
</datafield>
<datafield ind1=" " ind2=" " tag="653">
<subfield code="a">Social Sciences teaching</subfield>
</datafield>
<datafield ind1=" " ind2=" " tag="653">
<subfield code="a">Prehistory</subfield>
</datafield>
<datafield tag="245" ind1="0" ind2="0">
<subfield code="a">Empatía, empatía histórica y empatía prehistórica: una aproximación conceptual desde la enseñanza de las Ciencias Sociales</subfield>
</datafield>
</record></metadata></record></GetRecord></OAI-PMH>